Normal view
MARC view
Entry Topical Term
001 - CONTROL NUMBER
- control field: 76181
003 - CONTROL NUMBER IDENTIFIER
- control field: dpl
005 - DATE AND TIME OF LATEST TRANSACTION
- control field: 20250109112222.0
008 - FIXED-LENGTH DATA ELEMENTS
- fixed length control field: 250109|| aca||aabn | a|a d
040 ## - CATALOGING SOURCE
- Original cataloging agency: dpl
- Transcribing agency: dpl
150 ## - HEADING--TOPICAL TERM
- Topical term or geographic name as entry element: लघु कथाएँ, हिन्दी
670 ## - SOURCE DATA FOUND
- Source citation: Work cat.: (dpl)208248: गहलावत, रामकुमार 76180, मौन पुकारः, 2009
